000 00254nam a22001217a 4500
008 170707b xxu||||| |||| 00| 0 eng d
041 _aeng
080 _a82
100 _a22
101 _aGJL
245 _aNOTRE DAME DE PARIS
_cHUGO,V
942 _2udc
_cBK
999 _c20088
_d20088